Weapons of war : (Record no. 92537)

MARC details
000 -LEADER
fixed length control field 00771nam a22002297a 4500
005 - DATE AND TIME OF LATEST TRANSACTION
control field 20150407110242.0
010 ## - LCCN (DPL NO)
LC control number ENG-112516
020 ## - INTERNATIONAL STANDARD BOOK NUMBER
International Standard Book Number 9789381904749
Terms of availability 1699.00
035 ## - SYSTEM CONTROL NUMBER
System control number EN-96048
037 ## - SOURCE OF ACQUISITION
Source of stock number/acquisition DBAD/PUB
082 ## - DEWEY DECIMAL CLASSIFICATION NUMBER
Classification number 577.274
100 ## - MAIN ENTRY--PERSONAL NAME
Personal name Jha, U.C.
245 00 - TITLE STATEMENT
Title Weapons of war :
Statement of responsibility, etc by U.C. Jha
Remainder of title environmental impact /
260 ## - PUBLICATION, DISTRIBUTION, ETC. (IMPRINT)
Place of publication, distribution, etc New Delhi
Name of publisher, distributor, etc KW Publishers
Date of publication, distribution, etc 2013
270 ## - ADDRESS
Address 4676/21, First Floor, Ansari Road, Daryaganj,
City New Delhi
Postal code 110002
300 ## - PHYSICAL DESCRIPTION
Extent xiii,450p.
Dimensions 24cm(Hb)
500 ## - GENERAL NOTE
General note Includes bibliographical references and index
650 ## - SUBJECT ADDED ENTRY--TOPICAL TERM
Topical term or geographic name as entry element War
General subdivision Environmental aspects.
650 ## - SUBJECT ADDED ENTRY--TOPICAL TERM
Topical term or geographic name as entry element Nuclear weapons
General subdivision Environmental aspects.
650 ## - SUBJECT ADDED ENTRY--TOPICAL TERM
Topical term or geographic name as entry element Nuclear explosions
General subdivision Environmental aspects.
942 ## - ADDED ENTRY ELEMENTS (KOHA)
Source of classification or shelving scheme Dewey Decimal Classification
Item type English Books
Call number suffix JHA
Classification part 577.274
Holdings
Withdrawn status Lost status Not for loan Collection code Home library Current library Date acquired Source of acquisition Cost, normal purchase price Full call number Barcode Copy number Cost, replacement price Koha item type
    Not For Loan Non-fiction D.B.Act.Division D.B.Act.Division 26/03/2015 DBAD/PUB 1699.00 577.274 JHA EN-96048 1 1699.00 English Books

© Delhi Public Library
Hit Counter
free hit counter